| 000 | 02130cam a22005414i 4500 | ||
|---|---|---|---|
| 003 | PE-LiUPU | ||
| 005 | 20250731165503.0 | ||
| 008 | 150623s r 000 0 d | ||
| 020 | _a184127013X | ||
| 035 | _a(Sirsi) i9781841270135 | ||
| 040 |
_aPE-LiUPU _bspa _cPE-LiUPU _erda |
||
| 049 | _aPRUA | ||
| 082 | 0 | 4 |
_a225.077 _bJ _221 |
| 100 | 1 |
_aLee, David, _d1946-, _eautor. |
|
| 245 | 1 | 0 |
_aLuke's stories of Jesus : _btheological reading of Gospel narrative and the legacy of Hans Frei / _cDavid Lee. |
| 264 | 1 |
_aSheffield, Inglaterra : _bSheffield Academic Press, _c1999. |
|
| 300 |
_a403 páginas ; _c24 centímetros |
||
| 336 |
_atext _2rdacontent |
||
| 337 |
_aunmediated _2rdamedia |
||
| 338 |
_avolume _2rdacarrier |
||
| 490 | 0 |
_aJournal for the Study of the New Testament. Supplement Series ; _v185 |
|
| 504 | _aIncluye bibliografía. | ||
| 505 | 0 | _aThe legacy of Hans Frei for New Testament Studies. -Literary-critical options for a theological reading. -Stories of Jesus in the gospel of Luke. | |
| 526 | _aSEG44 | ||
| 526 | _aSEG26 | ||
| 526 | _aP151 | ||
| 526 | _aP150 | ||
| 526 | _aP149 | ||
| 526 | _aP146 | ||
| 526 | _aP145 | ||
| 526 | _aP126 | ||
| 526 | _aP125 | ||
| 526 | _aP92 | ||
| 526 | _aP75 | ||
| 526 | _aP74 | ||
| 526 | _aP27 | ||
| 526 | _aP15 | ||
| 600 | 1 |
_aJesucristo _xHistoria de las doctrinas _yIglesia primitiva, ca. 30-600 _vFuentes |
|
| 630 |
_aBiblia. _pN.T. _pLucas _xCrítica, interpretación, etc. |
||
| 630 |
_aBiblia. _pN.T. _pLucas _xCrítica, narrativa. |
||
| 630 |
_aBiblia. _pN.T. _pLucas _xHermenéutica. |
||
| 942 |
_2ddc _cBOOK |
||
| 949 |
_aRC 225.077 J 185 _wDEWEY _c1 _i46448 _lCCODEBUL1 _mBUL _r0 _sY _tBOOK _u2015-6-24 _xTEOLOGIA _PP35 _0COMPRA _o.CIRCNOTE. No olvidar cambiar la fecha de devolución!!!!!!! _o.STAFF. Colección General |
||
| 994 |
_aC0 _bPEPRU |
||
| 596 | _a1 | ||
| 999 |
_aRC 225.077 J 185 _wDEWEY _c23215 _i46448 _f2021-11-8 _g7 _lCCODEBUL1 _mBUL _r1 _sY _tBOOK _u2015-6-24 _xTEOLOGIA _PP35 _0COMPRA _o.CIRCNOTE. No olvidar cambiar la fecha de devolución!!!!!!! _o.STAFF. Colección General _d23215 |
||
| 980 |
_81 _gALBERTO SANCHEZ Responsable de Automatización |
||